[Event "10th KiiT Festival 2017"]
[Site "Bhubaneshwar"]
[Date "2017.05.29"]
[Round "5"]
[White "Singh, S  Vikramjit"]
[Black "Ajay Karthikeyan"]
[Result "1-0"]
[WhiteElo "2213"]
[BlackElo "1988"]
[Annotator "TA"]
[PlyCount "149"]
[EventDate "2017.05.26"]
[EventType "swiss"]
[EventCountry "IND"]
[SourceTitle "playchess.com"]
[Source "ChessBase"]
[SourceQuality "1"]

{[%evp 18,149,47,60,81,54,70,80,90,76,89,68,76,68,74,24,38,19,34,32,31,27,22,34,21,13,48,35,45,33,36,16,38,10,10,9,10,10,100,10,93,92,102,98,98,98,98,105,132,36,429,113,113,113,113,113,113,113,227,113,113,113,139,113,113,113,113,113,113,113,113,113,113,113,229,113,113,113,198,166,172,113,145,113,113,113,113,113,243,227,689,676,999,999,1158,634,661,0,325,0,631,450,1154,1215,1110,635,1222,134,1147,0,1081,339,327,0,829,1757,831,831,1267,155,812,1237,1187,1175,1051,1043,894,804,29959,5093,29983,29984,29991,29983]} 1. d4 Nf6 2. c4 g6 3. Nc3 Bg7 4. e4 d6 5. Bd3 e5 6. d5 a5 7. Nge2 Na6 8. O-O O-O 9. f3 Nc5 10. Bc2 {LiveBook: 18 Games} b6 {E70: King's Indian: Miscellaneous lines with 4 e4, including 5 Nge2 and 5 Bd3 0-0 6 Nge2} (10... Nh5 11. g4 Nf6 12. Be3 h5 13. h3 hxg4 14. fxg4 Bxg4 15. hxg4 Nxg4 16. Bxc5 Qh4 17. Rf3 dxc5 18. Qe1 {0-1 (51) Miton,K (2601)-Korobov,A (2693) Wroclaw 2014}) 11. Be3 Bd7 12. a3 Qe7 $146 {White is better.} ({Predecessor:} 12... Nh5 13. Qd2 Qc8 14. b4 axb4 15. axb4 Rxa1 16. Rxa1 Nb7 17. Bd3 f5 18. Ra7 fxe4 19. Nxe4 {1-0 (32) Bonaca,D (1913)-Zilic,A (1880) Croatia 2011}) 13. b4 Nb7 14. Ba4 Bxa4 15. Nxa4 Nh5 16. c5 axb4 {[%cal Rd6c5]} 17. axb4 bxc5 18. bxc5 Nxc5 19. Nxc5 dxc5 20. Qc2 Nf4 21. Nxf4 Rxa1 22. Rxa1 exf4 23. Bxc5 Qd7 24. Rc1 Rb8 25. Bf2 Be5 26. h3 Qd6 27. Qa4 Kg7 (27... Qf6 $11) 28. Qa7 (28. Bd4 $1 $16) 28... Rb2 (28... Qb4 $11 {keeps the balance.}) 29. Bd4 $36 {[%mdl 2048] Keeping Black busy.} Rd2 30. Bxe5+ Qxe5 31. Qxc7 {[%mdl 4096] Endgame KQR-KQR} Qd4+ 32. Kh1 Qf6 33. Qc3 (33. Rg1 $16) 33... Rd4 $2 {[%mdl 8192]} (33... Qxc3 $14 34. Rxc3 f5) 34. Qa1 $2 (34. Kh2 $18 {and White stays clearly on top.}) 34... Rd2 35. Qxf6+ Kxf6 {KR-KR} 36. Rc6+ Ke5 37. h4 h5 (37... Rd1+ $16 38. Kh2 h5) 38. Rc7 (38. Kg1 $1 $18 {is the precise move to win.}) 38... Kf6 39. Kg1 Rd1+ 40. Kh2 Rd2 41. Rc8 Ke5 42. Re8+ Kd6 43. Rf8 Ke7 44. Ra8 Kf6 45. Re8 Rd1 (45... Kg7 $16 {was worth a try.} 46. Re7 Kf6) 46. Rc8 (46. g3 $18) 46... Rd2 47. Kg1 Rd1+ {[#]} (47... Ke7 $16 {might work better.} 48. Kf1 Kd6) 48. Kf2 $1 $18 Rd2+ 49. Kf1 ({White should play} 49. Ke1 $18 Rxg2 50. d6) 49... Ke5 50. Re8+ Kd6 51. Rf8 Ke7 52. Rb8 Rd1+ (52... Kd7 $16 {is a better defense.} 53. Rb7+ Ke8) 53. Ke2 Rg1 $2 (53... Rd4 54. Rb6 f6) 54. e5 Rxg2+ 55. Kd3 Ra2 56. Rb7+ Ke8 {intending ...Ra3+.} 57. Rb8+ $2 (57. d6 $18 Ra6 58. Rb8+ Kd7 59. Rf8) 57... Kd7 $2 {[%mdl 8192]} (57... Ke7 $11) 58. Rb7+ $2 (58. Rb4) 58... Ke8 59. d6 Ra8 (59... Ra1 $142 60. Ke4 Ra4+ 61. Kd5 Ra5+ 62. Kc6 Ra6+ 63. Kc5 Ra8) 60. Ke4 Ra4+ 61. Kd5 Ra1 62. Rb8+ Kd7 63. Rb7+ Ke8 64. Rb4 $2 (64. Re7+ Kf8 65. Rb7 Ke8) 64... Kd7 65. Rb7+ $2 ({Worse is} 65. Rxf4 Ra5+ 66. Kd4 f5 $11) (65. Ke4) 65... Ke8 66. Re7+ Kf8 67. Rc7 Ke8 68. Rc8+ Kd7 {[#]} 69. Rf8 $1 {[%cal Rf8f7]} Ra5+ 70. Kd4 Ra4+ 71. Kc3 Ra3+ 72. Kc4 Re3 73. Rxf7+ Kd8 74. Kd5 Ke8 75. Rxf4 {Precision: White = 54%, Black = 44%.} 1-0

[Event "10th KiiT Festival 2017"]
[Site "Bhubaneshwar"]
[Date "2017.05.29"]
[Round "5"]
[White "Neelash Saha"]
[Black "Tukhaev, Adam"]
[Result "0-1"]
[WhiteElo "2191"]
[BlackElo "2557"]
[Annotator "TA"]
[PlyCount "50"]
[EventDate "2017.05.26"]
[EventType "swiss"]
[EventCountry "IND"]
[SourceTitle "playchess.com"]
[Source "ChessBase"]
[SourceQuality "1"]

{[%evp 17,50,34,39,7,7,-16,7,-29,-27,-44,0,-40,-38,-44,-40,-51,-43,-58,0,-69,-70,-125,-107,-176,-36,-37,-35,-638,-608,-639,-632,-816,-802,-833,-826]} 1. d4 Nf6 2. c4 g6 3. Nc3 Bg7 4. e4 d6 5. Be2 O-O 6. Be3 Na6 7. Nf3 e5 8. O-O c6 9. dxe5 dxe5 {LiveBook: 92 Games} 10. Qb3 {E94: King's Indian: Classical: 6 Be2 e5 7 0-0: Various Black 7th moves} (10. Qxd8 Rxd8 11. Rfd1 Re8 12. h3 Bf8 13. Nd2 Nc5 14. b4 Ne6 15. c5 Nd4 16. Bd3 a5 17. a3 Rd8 18. Nc4 axb4 19. axb4 Rxa1 20. Rxa1 {½-½ (97) Grachev,B (2657)-Shimanov,A (2606) Kaliningrad 2015}) 10... Qe7 11. h3 Nh5 12. Rfd1 $146 {The position is equal.} (12. c5 $5) ({Predecessor:} 12. Rad1 Nf4 13. Rd2 Nxe2+ 14. Nxe2 f5 15. exf5 gxf5 16. Re1 h6 17. Rdd1 Be6 18. Nxe5 Bxe5 19. Bxh6 {½-½ (52) Santos Etxepare,A (2040)-Rain,R (2378) ICCF email 2009}) 12... Nf4 13. Bf1 Qf6 14. Nh2 Ne6 15. Nf3 Qe7 16. Na4 f5 17. c5 Kh8 (17... Nac7 $1 $15) 18. Qc4 (18. Bxa6 $11 bxa6 19. Qc2) 18... Nac7 $15 19. b4 (19. Nc3 $15) 19... Nb5 20. Rac1 {[#]} (20. Kh1 $17) 20... fxe4 ({Better is} 20... f4 $1 $19 {[%cal Rf4e3]} 21. Bd2 Ned4 22. Nxd4 Nxd4) 21. Qxe4 {And now Bxb5 would win.} Nf4 22. Nd4 $2 {[%mdl 8192]} (22. Bxf4 $15 Rxf4 23. Qe3) 22... Nxd4 $19 {Black is clearly winning.} 23. Bxd4 Qh4 {[%cal Rf4h3] Strongly threatening ...Nxh3+!} 24. Kh2 exd4 25. g3 Qh6 {Precision: White = 18%, Black = 67%.} 0-1

[Event "10th KiiT Festival 2017"]
[Site "Bhubaneshwar"]
[Date "2017.05.29"]
[Round "5"]
[White "Jayakumaar S"]
[Black "Debashis, Das"]
[Result "0-1"]
[WhiteElo "2182"]
[BlackElo "2496"]
[Annotator "TA"]
[PlyCount "56"]
[EventDate "2017.05.26"]
[EventType "swiss"]
[EventCountry "IND"]
[SourceTitle "playchess.com"]
[Source "ChessBase"]
[SourceQuality "1"]

{[%evp 9,56,-35,-27,-32,-35,-24,-26,-53,-47,-61,-70,-173,-172,-329,-329,-405,-405,-405,-402,-397,-395,-381,-331,-338,-324,-337,-326,-309,-326,-324,-314,-347,-314,-354,-321,-342,-337,-280,-277,-504,-525,-1064,-1014,-1064,-1051,-979,-975,-950,-711]} 1. b3 e5 2. Bb2 Nc6 3. e3 g6 4. Bb5 Nge7 {[%cal Bg8e7,Be7c6,Bc6b4][%mdl 32]} 5. f4 (5. d4 exd4 6. Nf3 Bg7 7. Nxd4 Nxd4 8. Bxd4 Nf5 9. Bxg7 Nxg7 10. Qd4 O-O 11. O-O d5 12. Rd1 {½-½ (82) Granda Zuniga,J (2652)-Vovk,A (2621) La Massana 2015}) 5... Bg7 6. Nf3 {[%cal Rf3e5] A01: Nimzowitsch-Larsen Opening} d6 {[%cal Bd7d6,Bd6e5][%mdl 32]} 7. fxe5 O-O 8. d4 {Black has an edge.} dxe5 9. Bxc6 Nxc6 10. d5 {[#]} (10. O-O $15) 10... Nb4 $1 $19 11. e4 $2 {[#]} (11. Qd2 a5 12. c4) 11... f5 $1 {[%cal Bf7f5,Bf5e4][%mdl 32]} 12. O-O $146 ({Predecessor:} 12. Ba3 fxe4 13. Bxb4 Rxf3 14. gxf3 {0-1 (39) Larino Nieto,D (2491)-Romero Berruezo,F (2154) Linares 2013}) 12... fxe4 13. Nxe5 Rxf1+ 14. Qxf1 {Qf7+ would kill now.} Qxd5 15. Nc3 Qxe5 ({But not} 15... Qd4+ 16. Kh1 $19) 16. Qc4+ Be6 17. Qxb4 Qd4+ 18. Qxd4 Bxd4+ 19. Kh1 Rf8 20. Re1 Bd7 21. h3 Bc6 22. b4 a6 23. a4 b6 24. Nd5 $2 (24. b5 axb5 25. axb5) 24... Bf2 {Black is clearly winning.} (24... Bxb2 $2 25. Ne7+ Kf7 26. Nxc6 $19) ({Less strong is} 24... Bxd5 25. Bxd4 Rd8 26. Be3 $17) 25. Rd1 {And now Ne7+ would win.} Bxd5 26. Rxd5 Bg3 {[%cal Rf8f1]} 27. Kg1 e3 {( -> ...e2)} 28. Be5 c6 {Precision: White = 27%, Black = 98%.} 0-1

[Event "10th KiiT Festival 2017"]
[Site "Bhubaneshwar"]
[Date "2017.05.29"]
[Round "5"]
[White "Dhananjay S"]
[Black "Nguyen, Duc Hoa"]
[Result "0-1"]
[WhiteElo "2167"]
[BlackElo "2481"]
[Annotator "TA"]
[PlyCount "78"]
[EventDate "2017.05.26"]
[EventType "swiss"]
[EventCountry "IND"]
[SourceTitle "playchess.com"]
[Source "ChessBase"]
[SourceQuality "1"]

{[%evp 15,78,44,62,41,53,42,52,34,53,49,48,0,0,0,30,30,25,17,66,38,44,10,20,24,16,14,36,45,25,32,28,0,83,92,99,90,97,25,23,-8,-13,-10,-14,-12,-25,-43,27,27,27,27,31,33,28,0,0,0,0,-1,0,-1,-8,-35,-42,-624,-619]} 1. Nf3 g6 2. e4 Bg7 3. d4 d6 4. Nc3 Nf6 5. Be2 O-O 6. O-O c6 7. h3 Qc7 8. Bf4 Nh5 9. Bh2 {B08: Pirc Defence: Classical System} e5 10. Qd2 Nd7 11. Rad1 {White is slightly better.} Re8 12. d5 (12. Rfe1 Nhf6 13. Bf1 Nf8 14. a3 a6 15. Bc4 N6d7 16. Ba2 Nb6 17. dxe5 dxe5 18. a4 a5 {½-½ (18) Ruck,R (2575)-Jovanovic,Z (2529) Hungary 2014}) 12... c5 13. Nh4 $146 {aiming for Bxh5.} ({Predecessor:} 13. Nb5 Qb6 14. a4 Ndf6 15. g4 Nf4 16. Bxf4 Nxe4 {0-1 (40) Gurpreet,S (2145)-Darban,M (2310) Goa 2002}) 13... Qd8 14. Nf3 a6 15. a4 Qf6 16. g3 c4 17. Kg2 Nc5 18. Ng1 {[#]} b5 $1 {[%mdl 512]} 19. axb5 axb5 20. Nxb5 {And now Nc7 would win.} Nxe4 21. Qe3 {Strongly threatening Nc7.} Rb8 $1 {[%cal Rb8b5]} 22. Bxc4 Nc5 23. Be2 Bb7 (23... Bd7 $11 {keeps the balance.} 24. c4 Qe7) 24. c4 $16 Qd8 25. g4 Nf6 26. f4 ({Better is} 26. b4 $16 Ne6 27. Nf3 Nf4+ 28. Bxf4 exf4 29. Qd2) 26... Ba8 $11 27. fxe5 {[#] Threatens to win with Qa3.} Rxb5 $1 28. cxb5 {Black must now prevent Bf3.} Nxd5 29. Rxd5 ({Don't blunder} 29. Qf3 $2 Ne3+ 30. Kh1 Bxf3+ $19) 29... Bxd5+ 30. Bf3 Qa8 ({Black should try} 30... Bc4 $15 31. Rd1 Bxb5) 31. Bxd5 Qxd5+ 32. Qf3 Qxf3+ $1 33. Nxf3 dxe5 34. Ng5 Rb8 35. Nxf7 Nd3 36. Nd6 Rb6 37. Nc4 Rxb5 38. Kf3 Rb4 39. Ne3 $2 {[%mdl 8192]} (39. Ke2 $15) 39... e4+ {Precision: White = 44%, Black = 67%.} 0-1

[Event "10th KiiT Festival 2017"]
[Site "Bhubaneshwar"]
[Date "2017.05.29"]
[Round "5"]
[White "Harshavardhan G B"]
[Black "Sardana, Rishi"]
[Result "1-0"]
[WhiteElo "2157"]
[BlackElo "2390"]
[Annotator "TA"]
[PlyCount "49"]
[EventDate "2017.05.26"]
[EventType "swiss"]
[EventCountry "IND"]
[SourceTitle "playchess.com"]
[Source "ChessBase"]
[SourceQuality "1"]

{[%evp 22,49,30,19,43,39,76,58,141,124,132,39,77,81,95,107,153,150,304,312,465,456,456,450,892,881,1393,1410,29993,29994]} 1. d4 Nf6 2. c4 e6 3. Nf3 d5 4. Nc3 Nbd7 5. cxd5 exd5 6. Bg5 c6 7. e3 h6 {D35: Queen's Gambit Declined: Exchange Variation} (7... Be7 8. Qc2 O-O 9. Bd3 Re8 10. h3 Nf8 11. g4 a5 12. O-O-O a4 13. Kb1 Qa5 14. a3 Be6 15. Bxf6 Bxf6 16. g5 Be7 17. Ne5 Bxg5 18. f4 Bf6 {1-0 (41) Yu,Y (2738)-Wang,Y (2718) China 2016}) 8. Bh4 g5 9. Bg3 Nh5 10. Bd3 Nxg3 11. hxg3 Bg7 12. Qc2 {LiveBook: 26 Games} O-O 13. O-O-O $146 ({Predecessor:} 13. Bh7+) 13... Nb6 14. Ne5 Re8 (14... f6 $1 $14 15. Bh7+ Kh8 16. Ng6+ Kxh7 17. Nxf8+ Kg8) 15. Bh7+ Kf8 16. Bf5 ({White should play} 16. f4 $16) 16... Qd6 17. f4 $36 {[%cal Bf2f4,Bf4f5][%mdl 2080] White is in control.} Bxf5 18. Qxf5 {[%csl Ge5][%cal Rf5f7] [#]} Qe6 19. Qh7 {Hoping for Rdf1.} Nd7 $2 (19... Rad8 $16) 20. f5 $18 Qd6 (20... Nf6 $142) 21. Nxd7+ Qxd7 22. Rxh6 {And now f6! would win.} Qd8 {[#]} (22... Qe7 $142 23. Kc2 f6) 23. f6 $1 {[%mdl 512]} Bxf6 24. Rf1 Bg7 25. Rg6 {Precision: White = 68%, Black =  2%.} 1-0

[Event "10th KiiT Festival 2017"]
[Site "Bhubaneshwar"]
[Date "2017.05.29"]
[Round "5"]
[White "Ramnathan, Balasubramaniam"]
[Black "Rathanvel, V S"]
[Result "0-1"]
[WhiteElo "2153"]
[BlackElo "2361"]
[Annotator "ChessBase"]
[PlyCount "86"]
[EventDate "2017.05.26"]
[EventType "swiss"]
[EventCountry "IND"]
[SourceTitle "playchess.com"]
[Source "ChessBase"]
[SourceQuality "1"]
[TimeControl "5400+30"]

1. Nf3 Nf6 2. g3 g6 3. Bg2 Bg7 4. O-O d5 5. d3 O-O 6. Nbd2 Nc6 7. c4 e5 8. cxd5 Nxd5 9. Nc4 h6 10. Bd2 Be6 11. Na5 Nxa5 12. Bxa5 Qd7 13. Qc2 c5 14. Rac1 Rac8 15. a3 Qb5 16. Bd2 Rfd8 17. Qb1 Nb6 18. Bc3 c4 19. Rfe1 Na4 20. dxc4 Bxc4 21. e4 Bd3 22. Qa2 Nxc3 23. bxc3 Qa4 24. h4 Rd6 25. h5 g5 26. Nd2 Ba6 27. Bf1 b5 28. Qb2 Rdc6 29. Nb1 Bf8 30. Rcd1 Bc5 31. Bh3 R8c7 32. Bf5 Qa5 33. Rd5 Re7 34. Red1 Qb6 35. Qa2 Kg7 36. Rd7 Bb7 37. Rd8 Rf6 38. g4 Bxe4 39. Bxe4 Rxf2 40. Qxf2 Bxf2+ 41. Kg2 Qe3 42. Nd2 Qg3+ 43. Kf1 Bb6 0-1

[Event "10th KiiT Festival 2017"]
[Site "Bhubaneshwar"]
[Date "2017.05.29"]
[Round "5"]
[White "Singh, Y  Dhanabir"]
[Black "Neelotpal, Das"]
[Result "0-1"]
[WhiteElo "2134"]
[BlackElo "2438"]
[Annotator "TA"]
[PlyCount "112"]
[EventDate "2017.05.26"]
[EventType "swiss"]
[EventCountry "IND"]
[SourceTitle "playchess.com"]
[Source "ChessBase"]
[SourceQuality "1"]

{[%evp 34,112,23,-13,48,60,89,93,90,34,94,80,187,85,133,118,106,-112,-99,-102,-95,-179,-222,-449,-382,-503,-520,-497,-477,-859,-795,-827,-710,-711,-686,-694,-473,-617,-613,-626,-627,-622,-615,-875,-935,-1300,-1185,-1052,-1002,-1319,-1314,-1552,-1509,-1285,-985,-786,-775,-1796,-1609,-4809,-1810,-5489,-1879,-1909,-1559,-12842,-12843,-12843,-12843,-12845,-12845,-12847,-12846,-12846,-12847,-12847,-12847,-12847,-12847,-12848,-12848]} 1. e4 e5 2. Nf3 Nc6 3. Bb5 a6 4. Ba4 Nf6 5. O-O Be7 6. Re1 b5 7. Bb3 O-O 8. c3 d6 9. h3 Bb7 10. d4 Re8 11. Ng5 Rf8 12. Nf3 Nd7 13. Nbd2 exd4 {C92: Closed Ruy Lopez: 9...Be6, Karpov and Flohr-Zaitsev Variations} 14. cxd4 Bf6 15. Nf1 Re8 16. Ng3 Na5 17. Bc2 g6 18. Bf4 {LiveBook: 13 Games} (18. Rb1 c5 19. d5 Nc4 20. Nh2 Nde5 21. b3 {1-0 (40) Grischuk,A (2750)-Alekseenko,K (2585) Sochi 2017}) 18... Nf8 (18... c5 $11) 19. b3 $14 Rc8 $146 ({Predecessor:} 19... c5 20. d5 Bxa1 21. Qxa1 {1-0 (36) Gopal,G (2575)-Narayanan,S (2459) Kolkata 2015}) 20. Rc1 c5 21. Bb1 ({Better is} 21. d5 $16) 21... c4 (21... Ne6 $14 22. Be3 cxd4 23. Rxc8 Qxc8 24. Nxd4 Nc6 25. Nxe6 Qxe6) 22. d5 $16 Ba8 (22... cxb3 $16 {keeps fighting.} 23. Rxc8 (23. axb3 Rxc1 24. Bxc1 Nd7 $16) 23... Qxc8) 23. Nd4 (23. b4 $1 $18) 23... cxb3 24. Rxc8 ({And not} 24. axb3 Rxc1 25. Bxc1 Bxd4 $17) ({Don't play} 24. Nxb3 $6 Nc4 $11) 24... Qxc8 25. Bxd6 $2 {[#]} (25. axb3 $16 Qc7 26. Nge2) 25... b2 $1 $17 26. e5 {[#]} Bg7 $1 {And now ...Nc4 would win.} 27. Bxf8 (27. e6 $17) 27... Kxf8 $19 28. Qf3 $2 (28. e6 {is a better defense.}) 28... Kg8 29. Kh2 Rxe5 {Black is clearly winning.} 30. Rxe5 Bxe5 31. Ndf5 (31. Qe4 $142 Nc4 32. Nc6 Bxc6 33. dxc6) 31... gxf5 32. Bxf5 Qf8 33. Bd3 f5 34. Bxf5 {[#]} b1=Q $1 35. Qg4+ (35. Bxb1 Qxf3) 35... Qg7 36. Bxb1 {Threatens to win with Qc8+.} Qxg4 37. hxg4 Bxd5 38. Kh3 Bxg3 39. Kxg3 Nc4 40. Kf4 Na3 41. Bd3 Bxa2 42. Ke5 Bc4 43. Be4 b4 {[%cal Bb5b4,Bb4b3][%mdl 32]} 44. Kd4 Be6 45. g5 Nb5+ 46. Kc5 b3 47. Kb4 b2 48. Bb1 Kg7 49. f4 Nd6 50. Kc3 Bf5 51. Kxb2 Bxb1 52. Kxb1 {KN-K3P} Nc4 53. g3 Kg6 54. Kc2 Ne3+ 55. Kd3 Nf1 56. g4 Nh2 {Precision: White = 24%, Black = 65%.} 0-1

[Event "10th KiiT Festival 2017"]
[Site "Bhubaneshwar"]
[Date "2017.05.29"]
[Round "5"]
[White "Cholleti Sahajasri"]
[Black "Mitrabha, Guha"]
[Result "0-1"]
[WhiteElo "2133"]
[BlackElo "2299"]
[Annotator "ChessBase"]
[PlyCount "60"]
[EventDate "2017.05.26"]
[EventType "swiss"]
[EventCountry "IND"]
[SourceTitle "playchess.com"]
[Source "ChessBase"]
[SourceQuality "1"]
[TimeControl "5400+30"]

1. Nf3 Nf6 2. c4 b6 3. g3 Bb7 4. Bg2 c5 5. Nc3 e6 6. O-O Be7 7. Re1 Nc6 8. e4 O-O 9. d4 cxd4 10. Nxd4 Nxd4 11. Qxd4 Bc5 12. Qd1 e5 13. a3 Rc8 14. Nd5 Bd4 15. Bf1 Nxd5 16. cxd5 f5 17. exf5 Rxf5 18. Be3 Qf6 19. Bg2 Rxf2 20. Bxf2 Bxf2+ 21. Kh1 Bxe1 22. Qxe1 Rc2 23. Rc1 Rxc1 24. Qxc1 Qd6 25. Qd2 Qc5 26. Qg5 Qd6 27. Qd2 h6 28. g4 Qc7 29. h3 Qc4 30. Qe3 Bxd5 0-1

[Event "10th KiiT Festival 2017"]
[Site "Bhubaneshwar"]
[Date "2017.05.29"]
[Round "5"]
[White "Subhayan Kundu"]
[Black "Saravana, Krishnan P"]
[Result "0-1"]
[WhiteElo "2121"]
[BlackElo "2345"]
[Annotator "ChessBase"]
[PlyCount "56"]
[EventDate "2017.05.26"]
[EventType "swiss"]
[EventCountry "IND"]
[SourceTitle "playchess.com"]
[Source "ChessBase"]
[SourceQuality "1"]
[TimeControl "40/5400+30:1800+30"]

1. e4 e6 2. d4 d5 3. Nc3 Bb4 4. Nge2 Nc6 5. a3 Ba5 6. exd5 exd5 7. Ng3 Nf6 8. Be2 O-O 9. O-O Re8 10. b4 Bb6 11. Be3 h6 12. Na4 Ne7 13. Nxb6 axb6 14. Bd3 Ng6 15. Bxg6 fxg6 16. Bf4 g5 17. Be5 Ng4 18. Re1 Nxe5 19. dxe5 Be6 20. Qd3 Rf8 21. Ne2 c5 22. Nc3 Qd7 23. a4 Rf4 24. bxc5 bxc5 25. a5 Qf7 26. f3 Rf8 27. Na4 g4 28. fxg4 Rxa4 0-1

[Event "10th KiiT Festival 2017"]
[Site "Bhubaneshwar"]
[Date "2017.05.29"]
[Round "5"]
[White "Nayak Rajesh"]
[Black "Akash Pc, Iyer"]
[Result "0-1"]
[WhiteElo "2067"]
[BlackElo "2282"]
[Annotator "ChessBase"]
[PlyCount "90"]
[EventDate "2017.05.26"]
[EventType "swiss"]
[EventCountry "IND"]
[SourceTitle "playchess.com"]
[Source "ChessBase"]
[SourceQuality "1"]
[TimeControl "5400+30"]

1. e4 c5 2. Nf3 Nc6 3. d4 cxd4 4. Nxd4 e5 5. Nb3 Nf6 6. Nc3 Bb4 7. Bg5 h6 8. Bxf6 Qxf6 9. Bc4 O-O 10. Qd3 Ne7 11. O-O Bxc3 12. Qxc3 Ng6 13. Rad1 d6 14. Nc1 Bd7 15. Ne2 Rac8 16. Qd3 Rfd8 17. Bb3 Bc6 18. Qe3 a5 19. f4 Rd7 20. f5 Ne7 21. Nc3 b5 22. a3 b4 23. axb4 axb4 24. Na4 Rb8 25. Nb6 Rc7 26. Nc4 Nc8 27. Rf2 Bb5 28. Nd2 Nb6 29. Nf1 Bxf1 30. Rfxf1 Nc4 31. Qd3 Rbc8 32. Rb1 Na5 33. Ba4 Nb7 34. Qb3 Nc5 35. Qxb4 Nxa4 36. Qxa4 Rxc2 37. Qb3 Qh4 38. Qf3 R8c4 39. Rbd1 Rxe4 40. f6 Rf4 41. Qa8+ Kh7 42. fxg7 Kxg7 43. Qa7 Qg4 44. Qb7 e4 45. g3 Qe2 0-1

[Event "10th KiiT Festival 2017"]
[Site "Bhubaneshwar"]
[Date "2017.05.29"]
[Round "5"]
[White "Priyanka, K."]
[Black "Chakravarthi Reddy, M."]
[Result "0-1"]
[WhiteElo "2051"]
[BlackElo "2226"]
[Annotator "TA"]
[PlyCount "84"]
[EventDate "2017.05.26"]
[EventType "swiss"]
[EventCountry "IND"]
[SourceTitle "playchess.com"]
[Source "ChessBase"]
[SourceQuality "1"]

{[%evp 19,84,-56,-52,-44,-42,-31,-14,-25,-22,-15,-29,-23,-22,0,0,-45,0,-57,-80,-161,-47,-74,-28,-26,-9,-29,-32,-1084,-1047,-913,-718,-720,-710,-708,-707,-746,-738,-759,-631,-575,-585,-587,-571,-580,-586,-584,-575,-595,-580,-663,-645,-656,-594,-638,-643,-710,-691,-602,-538,-775,-758,-854,-808,-867,-867,-873,-866]} 1. e4 e6 2. d4 d5 3. Nc3 Bb4 4. e5 c5 5. Bd2 Ne7 6. Nb5 Bxd2+ 7. Qxd2 O-O 8. dxc5 Nd7 9. f4 Nxc5 10. Bd3 Qb6 {LiveBook: 9 Games. C17: French: 3 Nc3 Bb4 4 e5 c5 sidelines} 11. O-O-O Bd7 12. Nd4 Nc6 {Black is slightly better.} 13. Ngf3 Nb4 14. Kb1 $1 Rfc8 {[%cal Bf8c8,Bc8c7,Bc7c2][%mdl 32]} ({Of course not} 14... Qa5 15. a3 $16) (14... Rac8 15. Rc1 Ncxd3 16. cxd3 Bb5 17. Nxb5 Qxb5 18. d4 {0-1 (65) Kritz,L (2624)-Kuljasevic,D (2528) Washington DC 2011}) 15. a3 $146 ({Predecessor:} 15. Rhe1 Ba4 16. Rc1 Ncxd3 17. cxd3 Bb5 18. Rxc8+ Rxc8 {0-1 (49) Martin Gonzalez,A (2490)-Hernando Rodrigo,J (2340) Spain 1999}) 15... Nbxd3 $40 {[%mdl 128] White needs to defend precisely.} 16. cxd3 Qa6 17. Ne1 (17. b4 $5 {[%cal Rb4c5]}) 17... Rc7 (17... Bb5 $5) 18. g4 (18. Rc1 $1 $11) 18... Rac8 $15 19. f5 (19. Ka1 $17) 19... exf5 (19... Ba4 $19 20. f6 h6 21. fxg7 Kxg7) 20. gxf5 Ba4 21. Nec2 {Hoping for Nb4.} Nb3 22. Nxb3 Rxc2 (22... Bxb3 $5 23. Nb4 $8 Qb6 $11) 23. Qg5 $2 {[%mdl 8192]} (23. Qb4 $15) 23... Qb6 $19 {Black is clearly winning.} ({Stronger than} 23... Bxb3 24. f6 $11) 24. Rc1 Qxb3 {[%csl Gc2][%cal Rb3b2] [#]} 25. Rxc2 Qxc2+ 26. Ka1 h6 27. Qg3 Bb3 {( -> ...Qc1+!)} 28. Rb1 Qd2 {[#] ...Rc1 is the strong threat.} 29. d4 Bc2 30. Rg1 {[%csl Gg1][%cal Rg3g7]} Qg5 31. Qxg5 hxg5 32. Rxg5 {[%mdl 4096] Endgame KRB-KR} Be4 33. f6 g6 34. h4 Rc1+ 35. Ka2 Rh1 36. Rg4 Rd1 37. h5 Rxd4 38. Rg1 Kh7 39. e6 fxe6 40. f7 Kg7 41. hxg6 Rc4 42. Rf1 Rc8 {Precision: White = 32%, Black = 71%.} 0-1